Perakaunan syarikat dan bank menurut sistem Islam

Bibliographic Details
Main Author: Atiyah, Muhammad Kamal (Author)
Format: Book
Published: Kuala Lumpur Dewan Bahasa dan Pustaka 1992
Subjects:

MARC

LEADER 00000cam a2200000 7i4500
001 0000000161
008 021118s1992
020 |a 9836231048 
090 0 0 |a HF5657  |b .A7512 
100 0 |a Atiyah, Muhammad Kamal  |e author 
245 1 0 |a Perakaunan syarikat dan bank menurut sistem Islam   |c Muhammad Kamal Atiyah   |f penterjemah, Mohd Ghazali Abdul Wahid 
260 2 |a Kuala Lumpur  |b Dewan Bahasa dan Pustaka  |c 1992 
300 |a xiii, 363 p.  |c 23 cm 
650 0 |a Accounting  |x Religious aspects  |x Islam 
650 0 |a Banks and banking  |x Accounting 
650 0 |a Banks and banking  |x Religious aspects  |x Islam 
650 0 |a Corporations  |x Accounting  |x Religious aspects  |x Islam 
650 0 |a Economics  |x Religious aspects  |x Islam 
999 |a 1000015324  |b Book  |c OPEN SHELF (30 DAYS)  |e Gong Badak Campus 
999 |a 1000015325  |b Book  |c OPEN SHELF (30 DAYS)  |e Gong Badak Campus